000 00439cam a2200181 4500
008 090401t1973 xxu||||| |||| 00| 0 eng d
020 _a0220662185
035 _a(Sirsi) u36528
041 _aeng
050 _a332.6324
100 _aChambers, Harry Thomas
245 _aHow to be a property tycoon
260 _aLondon
_bBusiness Books
_c1973
300 _axi. 99p. 19cm. Pbk
350 _a0.5
942 _n0
948 _c04/03/1997
999 _c90316
_d90316